000 00818nam a22002537a 4500
005 20250902111056.0
008 250902b |||||||| |||| 00| 0 eng d
020 _a978-81-945875-9-0 (hbk)
037 _cTB
040 _aCRL
_cCRL
041 _2URD
_aURD
084 _aV2,4N25 168R0
_bCRL
100 _aBhagwat, Mohan
_9819687
245 _aZehni-o-fikri hum ahangi
260 _aDelhi, India:
_bManak publications Pvt. Ltd.,
_c2020.
300 _a517p.
365 _b1000.00
_cINR
546 _aTranslated from English to Urdu
650 _aIndia-History
_9819016
650 _aParty-RSS
_9819688
700 _aAhmad, Khwaja Iftekhar
_eTranslator
_9819689
942 _2CC
_cTB
_hV2,4N25 168R0
_n0
999 _c1435039
_d1435039